| 000 | 01322 a2200217 4500 | ||
|---|---|---|---|
| 001 | 58599 | ||
| 005 | 20260407155842.0 | ||
| 008 | 260407a1988 arg spa d | ||
| 003 | AR-UNSa-BCEJYS | ||
| 040 |
_aAR-UNSa-BCEJYS _bspa _cAR-UNSa-BCEJYS |
||
| 080 |
_a336.22 _xImpuestos |
||
| 245 | 1 | 0 | _aImpuestos sobre los capitales y sobre el patrimonio neto |
| 020 | _a950-9524-33-6 | ||
| 264 | 1 |
_aBuenos Aires : _bErrepar _c1988 |
|
| 300 |
_a393 p. _c22 cm. |
||
| 505 | _aPRIMERA PARTE: Aspectos teóricos de la imposición al patrimonio / SEGUNDA PARTE: El impuesto sobre los capitales en la Argentina - 1. Antecedenctes de su creación. Características principales. Tratamiento de los casos no previstos en sus normas - 2. Objeto - 3. Sujetos - 4. Exenciones - 5. Base imponible. Valuación del activo - 6. Pasivo - 7. Liquidación, declaración e ingresos del gravamen / TERCERA PARTE: El impuesto sobre el patrimonio neto en la Argentina - 8. Antecedentes de su creación en la Argentina, características y efectos económicos - 9. Hecho imponible. Sujetos - 10. Exenciones. Bienes situados en el pais. Liquidación del gravamen - Valuación de los bienes. Bienes computables y no computables | ||
| 942 | _cBK | ||
| 590 | _aniveau_biblio:m niveau_hierar:0 | ||
| 100 | 1 | _aLitvak, José D. | |
| 700 | 1 | _aGebhardt, Jorge | |
| 999 |
_c6468 _d6468 |
||